Interacción entre orden económico y orden jurídico con especial consideración de la nueva economía institucional /

Se relaciona la interacción entre el orden económico y el jurídico teniendo como basamento teórico la Nueva Economía Institucional. Para ello se analiza en primer lugar los enfoques tradicionales: instrumentalismo, funcionalismo y el ordoliberalismo. Luego se centra en la Nueva Economía Instituciona...

Ամբողջական նկարագրություն

Պահպանված է:
Մատենագիտական մանրամասներ
Հիմնական հեղինակ: Kirchner, Christian
Ձևաչափ: Տեքստ
Խորագրեր:
Ցուցիչներ: Ավելացրեք ցուցիչ
Չկան պիտակներ, Եղեք առաջինը, ով նշում է այս գրառումը!

MARC

LEADER 00000 a a2200000 04500
001 3785
003
040
100 |a Kirchner, Christian  
245 |a Interacción entre orden económico y orden jurídico con especial consideración de la nueva economía institucional /  |c Christian Kirchner 
520 |a Se relaciona la interacción entre el orden económico y el jurídico teniendo como basamento teórico la Nueva Economía Institucional. Para ello se analiza en primer lugar los enfoques tradicionales: instrumentalismo, funcionalismo y el ordoliberalismo. Luego se centra en la Nueva Economía Institucional realizando una descripción del modelo, como así también una evaluación del mismo   |a para finalizar considerando las implicaciones del análisis normativo. REV/SCM  
650 |a RELACIONES INTERNACIONALES  
650 |a ASPECTOS JURIDICOS  
650 |a POLITICA ECONOMICA  
773 |g volumen 14, número 3 (55); páginas 3-58  
999 |c 25808  |d 25808